000 00531nam a2200169 i 4500
001 87468
003 ES-MaACL
005 20230906175658.0
007 t|
008 041222q1938 zzz ||||1| eng d
100 1 _aKretschmer, Herman L.
_968818
245 1 0 _aMultiple primary cancers /
_cHerman L. Kretschmer.
260 _a[S.l. :
_bs.n.,
_c1938?]
300 _a13 h. :
_bil. ;
_c26 cm.
500 _aEs separata de: The Journal of Urology, vol. 40, nÂș 3. September, 1938, p. 421-445.
852 _aES-MaACL
_j1556-F-6
_bR.26320
999 _c87468
_d87468